French Ligue 1 Updated 2015/16 - Statistics

General Stats
  • This quiz has been taken 59 times
  • The average score is 14 of 20
Answer Stats
Hint Answer % Correct
Paris Saint-Germain FC
100%
Olympique Lyonnais
91%
AS Monaco FC
89%
Olympique de Marseille
89%
FC Girondins de Bordeaux
85%
Stade Rennais FC
81%
FC Nantes
80%
LOSC Lille
80%
OGC Nice
80%
AS Saint-Étienne
78%
Toulouse FC
65%
Montpellier HSC
63%
SC Bastia
61%
Stade Malherbe Caen
61%
ESTAC Troyes
59%
FC Lorient
56%
GFCO Ajaccio
56%
Stade de Reims
56%
En Avant de Guingamp
54%
Angers SCO
52%
No matching quizzes found
Score Distribution
Percent of People with Each Score
Percentile by Number Answered
Your Score History
You have not taken this quiz